000 00491nam a22001937a 4500
003 CEME
005 20210628201744.0
008 210204b xxu||||| |||| 00| 0 eng d
020 _a1-58053-816-9
040 _c.
082 _a621.3848 CUR
100 _aCurry, G.Richard
_956671
245 _aRadar system performance modelling
250 _a2ND
260 _aLONDON
_bARTECH HOUSE
_c2005
300 _aXIV,393P
650 _aRADAR.RADAR-MATHEMATICAL MODELS
_956672
942 _cBK
_2ddc
999 _c567044
_d567044